Welding Technology 2023: Industrial development technology of European Union : 1st International scientific conference, 8th november 2023, Trnava /

Uložené v:
Podrobná bibliografia
Korporativný autor: Welding Technology 2023. Trnava
Ďalší autori: Marônek, Milan, 1961- (Recenzent), Polák, Peter (Recenzent), Sárosi, József (Recenzent), Kovács, György (Recenzent)
Médium: Konferenčný príspevok.. Kniha
Jazyk:English
Vydavateľské údaje: Trnava : AlumniPress, 2023
Vydanie:1. vyd.
Tagy: Pridať tag
Žiadne tagy, Buďte prvý, kto otaguje tento záznam!

MARC

LEADER 00000nam a22000003a 4500
001 0106880
003 SK-STU
005 20231211085927.3
007 ta
008 231211s ----xo-----e------000-0-----d
020 |a 978-80-8096-298-2 
040 |a STU  |b slo 
041 0 |a eng 
044 |a xo 
100 1 |a Marônek, Milan,  |d 1961-  |u 063100  |4 rev  |r Z1  |U MTF Ústav výrobných technológií  |T MTF Katedra zvárania a spájania materiálov  |X 290  |U M3100  |Y 162  |7 A000000290 
111 2 |a Welding Technology 2023.  |n 1st  |d 8.11.2023 :  |c Trnava 
245 1 0 |a Welding Technology 2023: Industrial development technology of European Union :  |b 1st International scientific conference, 8th november 2023, Trnava /  |c rec. Milan Marônek ; rec. Peter Polák, József Sárosi, György Kovács 
250 |a 1. vyd. 
260 |a Trnava :  |b AlumniPress,  |c 2023 
300 |a 159 s. 
700 1 |a Polák, Peter  |4 rev 
700 1 |a Sárosi, József  |4 rev 
700 1 |a Kovács, György  |4 rev 
996 |b 284M089488  |c M* CD-2787  |l MMKN  |s A  |a 24  |w 0106880_0001